El artista en Nueva York: cartas a Jean Charlot, 1925-1929, y tres textos inéditos
Enregistré dans:
| Auteur principal: | |
|---|---|
| Format: | Livre |
| Langue: | espagnol |
| Publié: |
Ciudad de México
Siglo Veintiuno Editores S. A
1971
|
| Édition: | 1a. ed |
| Sujets: | |
| Tags: |
Ajouter un tag
Pas de tags, Soyez le premier à ajouter un tag!
|
MARC
| LEADER | 00000cam a2200000 a 4500 | ||
|---|---|---|---|
| 001 | UCE2055 | ||
| 003 | CL-VaPUC | ||
| 005 | 20230529104004.0 | ||
| 008 | 140605e19710000mx |||||||||||||||||spa|d | ||
| 999 | |c 355733 |d 355731 | ||
| 040 | |c Pontificia Universidad Católica de Valparaíso | ||
| 082 | 0 | 4 | |a 759.972 |b ORO |2 21 |
| 100 | 1 | |a Orozco, José Clemente |e autor |9 878176 | |
| 245 | 1 | 3 | |a El artista en Nueva York: cartas a Jean Charlot, 1925-1929, y tres textos inéditos |
| 250 | |a 1a. ed | ||
| 260 | |a Ciudad de México |b Siglo Veintiuno Editores S. A |c 1971 | ||
| 300 | |a 187 p | ||
| 583 | |a last modification |c 20140605 14:22:00 |k Rodrigo Vera | ||
| 650 | 7 | |a PINTORES MEXICANOS |2 CL-VaPUC |9 438078 | |
| 650 | 0 | |a Pintura mexicana |9 341256 | |
| 650 | 7 | |a PINTURA MURAL |2 CL-VaPUC |9 267125 | |
| 650 | 0 | |a Biografías |9 255210 | |
| 942 | |c BK |2 ddc | ||
| 945 | |d 20140605 14:22:00 |a dcastane | ||
| 952 | |0 0 |1 0 |2 ddc |3 erb |4 0 |6 759_972000000000000_ORO_1971 |7 0 |8 R |9 462566 |a BIBART |b BIBART |i 5056594 |l 1 |o 759.972 ORO 1971 |p 5056594 |r 2025-03-13 |s 2022-05-20 |w 2019-11-23 |y BK |z Catalogado en:20140605 |k ART | ||